000 00413nam a22001697a 4500
005 20180702153625.0
008 160601b xxu||||| |||| 00| 0 eng d
020 _a81-7808-773-1
041 _aeng
082 _b6762
_a658
100 _aTulsian, P.C. Pandey, Vishal
_91672
245 _aBusiness Organisation and Mgt
260 _bpearson education
300 _a661
650 _aManagement
_9241
942 _cBK
999 _c2356
_d2355